Normal view
MARC view
Entry Personal Name
001 - CONTROL NUMBER
- control field: 28186
003 - CONTROL NUMBER IDENTIFIER
- control field: ARRUPE
005 - DATE AND TIME OF LATEST TRANSACTION
- control field: 20170104101749.0
008 - FIXED-LENGTH DATA ELEMENTS
- fixed length control field: 170104|| aca||aabn | a|a d
040 ## - CATALOGING SOURCE
- Original cataloging agency: ARRUPE
- Transcribing agency: ARRUPE
100 ## - HEADING--PERSONAL NAME
- Personal name: Ewing, J. Franklin
- Fuller form of name: (Joseph Franklin),
- Dates associated with a name: 1905-1968.
670 ## - SOURCE DATA FOUND
- Source citation: Work cat.: (ARRUPE)0: Fordham University Conference of Mission Specialists. Meeting (4th : 1956) 28182, The role of communication arts in mission work :, 1958.